NLSUI OPAC header image

Genetics, crime and justice / (Record no. 203782)

MARC details
000 -LEADER
fixed length control field 01350cam a2200325 i 4500
001 - CONTROL NUMBER
control field 18524040
003 - CONTROL NUMBER IDENTIFIER
control field OSt
005 - DATE AND TIME OF LATEST TRANSACTION
control field 20260220090433.0
008 - FIXED-LENGTH DATA ELEMENTS--GENERAL INFORMATION
fixed length control field 150311t20152015enk b 001 0 eng c
010 ## - LIBRARY OF CONGRESS CONTROL NUMBER
LC control number 2015935867
020 ## - INTERNATIONAL STANDARD BOOK NUMBER
International Standard Book Number 9781783478811
035 ## - SYSTEM CONTROL NUMBER
System control number (OCoLC)ocn905955921
040 ## - CATALOGING SOURCE
Original cataloging agency NLM
Language of cataloging eng
Transcribing agency NLM
Description conventions rda
Modifying agency YDXCP
-- BTCTA
-- CDX
-- OCLCF
-- UZ0
-- NDL
-- CHVBK
-- OCLCO
-- OCLCQ
-- OCLCO
-- DLC
042 ## - AUTHENTICATION CODE
Authentication code pcc
082 00 - DEWEY DECIMAL CLASSIFICATION NUMBER
Classification number 614.1 WIL
100 ## - MAIN ENTRY--PERSONAL NAME
Personal name Wilson, Debbie
245 10 - TITLE STATEMENT
Title Genetics, crime and justice /
Statement of responsibility, etc. Debra Wilson
264 #1 - PRODUCTION, PUBLICATION, DISTRIBUTION, MANUFACTURE, AND COPYRIGHT NOTICE
Place of production, publication, distribution, manufacture Cheltenham :
Name of producer, publisher, distributor, manufacturer Edward Elgar Publishing,
Date of production, publication, distribution, manufacture, or copyright notice 2015.
300 ## - PHYSICAL DESCRIPTION
Extent vii, 260 p. ;
Dimensions 25 cm
505 0# - FORMATTED CONTENTS NOTE
Formatted contents note 1. Introduction <br/>2. History of genetics and criminal justice;<br/>3. Use of genetics in criminal investigations;<br/>4. The 'criminal gene'; <br/>5. The 'criminal gene' argument in the courts;<br/>6. The impact of a 'criminal gene' argument on punishment theory;<br/>7. Introduction to ethical issues;<br/>8. Concluding thoughts.
650 #0 - SUBJECT ADDED ENTRY--TOPICAL TERM
Topical term or geographic name entry element Forensic genetics.
650 #0 - SUBJECT ADDED ENTRY--TOPICAL TERM
Topical term or geographic name entry element DNA fingerprinting
General subdivision Law and legislation.
650 #0 - SUBJECT ADDED ENTRY--TOPICAL TERM
Topical term or geographic name entry element Justice, Administration of.
650 12 - SUBJECT ADDED ENTRY--TOPICAL TERM
Topical term or geographic name entry element Forensic Genetics.
650 22 - SUBJECT ADDED ENTRY--TOPICAL TERM
Topical term or geographic name entry element Criminal Law.
906 ## - LOCAL DATA ELEMENT F, LDF (RLIN)
a 7
b cbc
c pccadap
d 2
e epcn
f 20
g y-gencatlg
942 ## - ADDED ENTRY ELEMENTS (KOHA)
Source of classification or shelving scheme Dewey Decimal Classification
Koha item type BOOKs
Holdings
Withdrawn status Lost status Source of classification or shelving scheme Materials specified (bound volume or other part) Damaged status Not for loan Collection code Home library Current library Shelving location Date acquired Source of acquisition Total Checkouts Full call number Barcode Date last seen Price effective from Koha item type
    Dewey Decimal Classification HB     Reference . . NAB Compactor 29.12.2020 Purchased   614.1 WIL 36102 29.12.2020 29.12.2020 BOOKs